00600nam a2200169 a 450000100100000000500170001000800410002704000250006810000210009324500580011426000440017230000200021649000300023650000420026695201050030899900170041300003942520201002031638.0130626s19uu ru 000 0 spa d aDO-SdBNPbspacBNPHU1 aYajot, O.96562210a¿Qué es el materialismo dialéctico? /cO. Yajot. aMoscú :bEditorial Progreso,c[190?]. a252 p ;c21 cm.1 aManuales de divulgación aIncluye notas al pie de las páginas 001050718MOaGRbGRcCTd2013-06-26iLF1l0o p39425-10r2020-06-25w2020-06-25y1ZNo se presta c38915d38915